LDR 01268naa#a2200193#i#450# 001 RU\\bibl\20253 005 20260701141348.3 100 ## _a20260630b2026####ek#y0rusy0150####ca 102 ## _aRU 200 1# _aОПТИЧЕСКОЕ ДЕТЕКТИРОВАНИЕ СЕМЯН: ПРИМЕНЕНИЕ PROC GLM ДЛЯ СТАТИСТИЧЕСКОГО АНАЛИЗА ДАННЫХ В ОЦЕНКЕ ЭФФЕКТИВНОСТИ АВТОМАТИЗИРОВАННОГО СОРТИРОВАНИЯ _eСтатья/тезисы конференции 210 1# _aВоронеж _cВоронежский государственный лесотехнический университет имени Г.Ф. Морозова _d2026 215 ## _a6 с. 608 ## _aСтатья/тезисы конференции _2local 675 ## _aМеханизация и автоматизация сельского хозяйства. 631.171 _aГибридизация. Гибриды, инбридинг и гетерозис. 631.527.5 _aТеория вероятностей и математическая статистика. 519.2 _z 700 #1 _aНовикова _gТ. П. 700 #1 _aБогомолов _gА. А. 700 #1 _aКокорева _gС. В. 700 #1 _aНовиков _gА. И. 856 4# _abibl.vgltu.ru _u